书目信息 |
| 题名: |
制造业先进生产方式与管理模式
|
|
| 作者: | 陈国权 著 | |
| 分册: | ||
| 出版信息: | 北京 科学技术文献出版社 1998.12 |
|
| 页数: | 293页 | |
| 开本: | 32开 | |
| 丛书名: | ||
| 单 册: | ||
| 中图分类: | F406 | |
| 科图分类: | ||
| 主题词: | 工业经济--经济理论 | |
| 电子资源: | ||
| ISBN: | 7-5023-3202-2 | |
| 000 | 00598nam0 2200193 45 | |
| 001 | 0009301565 | |
| 005 | 20000930154641.1 | |
| 010 | @a7-5023-3202-2@d18.00元 | |
| 100 | @a20000930d1998 km y0chiy0120 ea | |
| 101 | 0 | @achi |
| 105 | @a z 000yy | |
| 200 | 1 | @a制造业先进生产方式与管理模式@AZhi Zao Ye Xian Jin Sheng Chan Fang Shi Yu Guan Li Mo Shi@f陈国权著@FChen Guo Quan Zhu |
| 210 | @a北京@c科学技术文献出版社@d1998.12 | |
| 215 | @a293页@d32开 | |
| 606 | 0 | @a工业经济@x经济理论 |
| 690 | @aF406@v3 | |
| 701 | 0 | @a陈国权@4著 |
| 801 | @aCN@bPftUser@c20000930 | |
| 905 | @b160496-500@dF406@eCH679@f5 | |
| 制造业先进生产方式与管理模式/陈国权著.-北京:科学技术文献出版社,1998.12 |
| 293页;32开 |
| ISBN 7-5023-3202-2:18.00元 |
| ● |
| 相关链接 |
|
|
|
正题名:制造业先进生产方式与管理模式
索取号:F406/CH679
 
预约/预借
| 序号 | 登录号 | 条形码 | 馆藏地/架位号 | 状态 | 备注 |
| 1 | 160496 | 201604969 | 社科二线422/409社科库 33排7列3层/ [索取号:F406/CH679] | 在馆 | |
| 2 | 160497 | 201604978 | 社科库409/409社科库 33排7列3层/ [索取号:F406/CH679] | 在馆 | |
| 3 | 160498 | 201604987 | 社科二线422/409社科库 33排7列3层/ [索取号:F406/CH679] | 在馆 | |
| 4 | 160499 | 201604996 | 社科库409/409社科库 33排7列3层/ [索取号:F406/CH679] | 在馆 | |
| 5 | 160500 | 201605003 | 社科二线422/409社科库 33排7列3层/ [索取号:F406/CH679] | 在馆 |